| 000 | 00374nam a2200145Ia 4500 | ||
|---|---|---|---|
| 999 |
_c14825 _d14825 |
||
| 082 | _aTP.0265 | ||
| 100 | _aPatil, Godayari D. | ||
| 245 | 0 | _aHindu widows : A study in deprivation | |
| 260 |
_c1990 _bKarnatak University |
||
| 300 | _a412p. + C D - 46 | ||
| 650 | _aWIDOWS - INDIA | ||
| 650 | _aDEPRIVATION (PSYCHOLOGY) | ||
| 710 | _aMudbidri, Anil G. | ||
| 942 |
_cTH _2ddc |
||